[Event "First Saturday FM-B Dec 2013"]
[Site "Budapest"]
[Date "2013.12.14"]
[Round "7.1"]
[White "Szurkos, Andras"]
[Black "Czimer, Jozsef"]
[Result "1/2-1/2"]
[WhiteElo "1740"]
[BlackElo "1720"]
[PlyCount "167"]
[EventDate "2013.12.07"]

1. c4 Nf6 2. Nc3 g6 3. g3 c6 4. Bg2 Bg7 5. e3 O-O 6. Nge2 d6 7. O-O e5 8. d4
Qe7 9. Qc2 Nbd7 10. d5 c5 11. e4 Nb6 12. b3 Nh5 13. h4 a6 14. Kh2 Bg4 15. Ng1
Bd7 16. Bg5 Bf6 17. Bh6 Rfd8 18. Qd3 Bg7 19. Bxg7 Kxg7 20. Bh3 Rf8 21. Nce2 Nf6
22. Bxd7 Qxd7 23. f4 Qe7 24. f5 h5 25. Nh3 Ng4+ 26. Kg2 Nd7 27. Ng5 Ndf6 28.
Rf3 Nh7 29. Raf1 Nxg5 30. f6+ Nxf6 31. Rxf6 Nh7 32. R6f3 Qd7 33. Ng1 f6 34. Nh3
b5 35. R3f2 bxc4 36. bxc4 Rab8 37. Rb1 Qa4 38. Rfb2 Rxb2+ 39. Rxb2 Rf7 40. Nf2
Qa5 41. Qb1 Nf8 42. Rb7 Nd7 43. Qb3 Nf8 44. Rxf7+ Kxf7 45. Qb7+ Kg8 46. Qe7
Qxa2 47. Qxd6 Qxc4 48. Qxf6 Qd4 49. Qxa6 c4 50. Qc6 c3 51. d6 Qd2 52. Qd5+ Qxd5
53. exd5 c2 54. Nd3 e4 55. Nc1 Kf7 56. Kf2 Kf6 57. Ke3 Ke5 58. Kd2 Kxd5 59.
Kxc2 Kxd6 60. Kd2 Ne6 61. Ne2 Ke5 62. Ke3 Ng7 63. Nf4 Nf5+ 64. Kf2 Kf6 65. Nd5+
Kg7 66. Nc3 e3+ 67. Kf3 Kh6 68. Kf4 Kg7 69. Kf3 Kf6 70. Nd5+ Ke5 71. Nxe3 Nd4+
72. Kf2 Ke4 73. Nc4 Nf5 74. Nd2+ Ke5 75. Kf3 Nd4+ 76. Ke3 Nf5+ 77. Kf2 Nd6 78.
Kf3 Kf5 79. Nb3 Nb5 80. Nd2 Nd6 81. Nf1 Nc4 82. Ne3+ Nxe3 83. Kxe3 g5 84. hxg5
1/2-1/2

[Event "First Saturday FM-B Dec 2013"]
[Site "Budapest"]
[Date "2013.12.14"]
[Round "7.2"]
[White "Schmidt, Wolfgang"]
[Black "Szlenka, Attila"]
[Result "1-0"]
[WhiteElo "1470"]
[BlackElo "1796"]
[PlyCount "79"]
[EventDate "2013.12.07"]

1. d4 Nf6 2. Nf3 g6 3. c4 Bg7 4. Nc3 O-O 5. e4 d6 6. Be2 Nbd7 7. O-O e5 8. dxe5
Nxe5 9. Qc2 Nc6 10. Rb1 Re8 11. b4 Bg4 12. Be3 Nd7 13. a3 h6 14. Rfd1 Bxf3 15.
Bxf3 Nce5 16. Be2 Qh4 17. f3 Nb6 18. Nd5 Nxd5 19. Rxd5 b6 20. c5 dxc5 21. bxc5
c6 22. Rd2 b5 23. Rbd1 Rad8 24. Bf2 Qe7 25. Rd6 g5 26. Qd2 Rxd6 27. cxd6 Qd7
28. Qb4 a5 29. Qc5 f6 30. Bg3 Nf7 31. f4 gxf4 32. Bxf4 Bf8 33. h3 Rd8 34. Bg4
Qb7 35. Be6 b4 36. axb4 Qxb4 37. Qa7 Bg7 38. Qxf7+ Kh8 39. Qg6 a4 40. Bxh6 1-0

[Event "First Saturday FM-B Dec 2013"]
[Site "Budapest"]
[Date "2013.12.14"]
[Round "7.3"]
[White "Ongut, Tamas Gunes"]
[Black "Di Giovanni, Vilmos"]
[Result "1-0"]
[WhiteElo "1481"]
[BlackElo "1810"]
[PlyCount "27"]
[EventDate "2013.12.07"]

1. e4 b6 2. d4 Bb7 3. Nc3 e6 4. a3 Nf6 5. e5 Nd5 6. Nxd5 exd5 7. Nf3 d6 8. Bf4
Be7 9. exd6 Bxd6 10. Qe2+ Be7 11. Qe5 Nd7 12. Qxg7 Bf6 13. Qg3 c5 14. O-O-O 1-0

[Event "First Saturday FM-B Dec 2013"]
[Site "Budapest"]
[Date "2013.12.14"]
[Round "7.4"]
[White "Bacsi, Andras"]
[Black "Bozay, Gergely"]
[Result "1/2-1/2"]
[WhiteElo "1831"]
[BlackElo "1792"]
[PlyCount "51"]
[EventDate "2013.12.07"]

1. a3 d5 2. e3 Nf6 3. c4 c6 4. b4 g6 5. Bb2 Bg7 6. Nf3 O-O 7. Nc3 Ne4 8. Qc2
Bf5 9. Nxe4 Bxe4 10. d3 Bxf3 11. gxf3 a5 12. Bxg7 Kxg7 13. Qb2+ Kg8 14. Be2
axb4 15. Qxb4 Qc7 16. O-O Na6 17. Qb2 dxc4 18. dxc4 Rfd8 19. Rfd1 Nc5 20. Qb4
Qe5 21. Rxd8+ Rxd8 22. Rd1 Rxd1+ 23. Bxd1 Qa1 24. Qxc5 Qxd1+ 25. Kg2 e6 26. h3
1/2-1/2

[Event "First Saturday FM-B Dec 2013"]
[Site "Budapest"]
[Date "2013.12.14"]
[Round "7.5"]
[White "Onur, Cem"]
[Black "Marcu, Simon"]
[Result "1/2-1/2"]
[WhiteElo "1546"]
[BlackElo "1885"]
[PlyCount "68"]
[EventDate "2013.12.07"]

1. e4 c6 2. d4 d5 3. exd5 cxd5 4. Bd3 Nc6 5. c3 Nf6 6. Bf4 Bg4 7. Qb3 Qd7 8.
Nd2 e6 9. Ngf3 Be7 10. Ne5 Nxe5 11. dxe5 O-O 12. exf6 Bxf6 13. O-O e5 14. Be3
a6 15. Rfe1 Be7 16. Be2 Be6 17. Qd1 f5 18. Nf3 Qd6 19. Bg5 Bf6 20. Bxf6 gxf6
21. Qa4 f4 22. Rad1 Rad8 23. c4 d4 24. Bd3 Bg4 25. Qc2 f5 26. h3 Bxf3 27. gxf3
Qg6+ 28. Kh2 Qf6 29. Rg1+ Kh8 30. Rg2 Rde8 31. Rdg1 Qe6 32. Re1 Qf6 33. Qb3 Qc6
34. Re2 Rf6 1/2-1/2

[Event "First Saturday FM-B Dec 2013"]
[Site "Budapest"]
[Date "2013.12.15"]
[Round "8.2"]
[White "Bozay, Gergely"]
[Black "Onur, Cem"]
[Result "1/2-1/2"]
[WhiteElo "1792"]
[BlackElo "1546"]
[PlyCount "82"]
[EventDate "2013.12.07"]

1. d4 d5 2. c4 e6 3. Nc3 Nf6 4. Nf3 Nbd7 5. Bf4 a6 6. e3 Be7 7. Bd3 dxc4 8.
Bxc4 b5 9. Bd3 Bb7 10. O-O O-O 11. a3 c5 12. dxc5 Nxc5 13. Bc2 Nce4 14. Nxe4
Nxe4 15. Qe2 Qb6 16. Rfd1 Rfd8 17. Nd4 Bf6 18. f3 e5 19. Bxe5 Bxe5 20. fxe4
Bxd4 21. exd4 Rxd4 22. Qf2 Rad8 23. Rxd4 Qxd4 24. Rf1 Rd7 25. Qxd4 Rxd4 26. Bb3
Rd7 27. e5 Re7 28. Re1 Kf8 29. Kf2 Ke8 30. g3 Bc6 31. e6 fxe6 32. Rxe6 Rxe6 33.
Bxe6 Ke7 34. Bc8 a5 35. Ke3 g5 36. Kd4 Kd6 37. Bf5 h6 38. b4 axb4 39. axb4 Bb7
40. Bd3 Bc6 41. Be4 Bd7 1/2-1/2

[Event "First Saturday FM-B Dec 2013"]
[Site "Budapest"]
[Date "2013.12.15"]
[Round "8.3"]
[White "Di Giovanni, Vilmos"]
[Black "Bacsi, Andras"]
[Result "1/2-1/2"]
[WhiteElo "1810"]
[BlackElo "1831"]
[PlyCount "82"]
[EventDate "2013.12.07"]

1. d4 d5 2. Nf3 Nf6 3. Bf4 g6 4. e3 Bg7 5. Be2 O-O 6. Nbd2 c5 7. c3 Nc6 8. O-O
b6 9. Ne5 Nxe5 10. Bxe5 Bb7 11. h4 Nd7 12. Bxg7 Kxg7 13. h5 e5 14. hxg6 hxg6
15. dxe5 Nxe5 16. Nf3 Qe7 17. Nxe5 Qxe5 18. Bf3 Rh8 19. g3 Rad8 20. Qa4 a5 21.
Rfd1 Qe7 22. Qf4 g5 23. Qf5 Bc8 24. Qc2 Qe5 25. Qb3 Be6 26. Qxb6 g4 27. Bg2 Rb8
28. Qxc5 Rxb2 29. Qd4 Qxd4 30. Rxd4 f5 31. Bxd5 Kf6 32. Bxe6 Kxe6 33. a4 Rc8
34. Rad1 Rxc3 35. Rd6+ Ke7 36. R6d5 Ke6 37. Rxa5 Rcc2 38. Rf1 Ra2 39. Ra8 Ke5
40. Re8+ Kf6 41. Ra8 Ke5 1/2-1/2

[Event "First Saturday FM-B Dec 2013"]
[Site "Budapest"]
[Date "2013.12.15"]
[Round "8.4"]
[White "Szlenka, Attila"]
[Black "Ongut, Tamas Gunes"]
[Result "1-0"]
[WhiteElo "1796"]
[BlackElo "1481"]
[PlyCount "129"]
[EventDate "2013.12.07"]

1. Nf3 Nf6 2. g3 g6 3. Bg2 Bg7 4. c4 c5 5. Nc3 Nc6 6. O-O O-O 7. d3 d6 8. h3
Bd7 9. a3 a6 10. Rb1 Rb8 11. Bd2 b5 12. cxb5 axb5 13. b4 cxb4 14. axb4 Qc8 15.
Kh2 h6 16. d4 d5 17. Qb3 e6 18. Rfc1 Qb7 19. e3 Rfc8 20. Bf1 Ne7 21. Ne5 Be8
22. Nd3 Qb6 23. Nc5 Bc6 24. Ra1 Ra8 25. Qb2 Nd7 26. Rxa8 Rxa8 27. Ra1 Rxa1 28.
Qxa1 Nc8 29. Nxd7 Bxd7 30. Qa8 Kh7 31. Kg1 Qa7 32. Qxa7 Nxa7 33. Nb1 f5 34. Na3
Kg8 35. Bc3 Kf8 36. f3 Ke7 37. Nc2 Kd6 38. Ne1 g5 39. Kf2 Be8 40. Nd3 Bh8 41.
Nc5 Bc6 42. Bd3 Bg7 43. g4 fxg4 44. hxg4 Nc8 45. Nxe6 Kxe6 46. Bf5+ Kd6 47.
Bxc8 Bd7 48. Bxd7 Kxd7 49. e4 Ke6 50. Ke3 Bf8 51. Bd2 Be7 52. Kd3 Bf6 53. f4
Be7 54. f5+ Kd6 55. Be1 Kc6 56. Bd2 Kd6 57. Bc3 Kc6 58. Be1 Bf8 59. e5 Kd7 60.
Kc3 Kc7 61. Bg3 Kd7 62. e6+ Ke7 63. Be5 h5 64. gxh5 Bh6 65. Kd3 1-0

[Event "First Saturday FM-B Dec 2013"]
[Site "Budapest"]
[Date "2013.12.15"]
[Round "8.5"]
[White "Szurkos, Andras"]
[Black "Schmidt, Wolfgang"]
[Result "1-0"]
[WhiteElo "1740"]
[BlackElo "1470"]
[PlyCount "67"]
[EventDate "2013.12.07"]

1. c4 Nf6 2. Nc3 g6 3. g3 Bg7 4. Bg2 O-O 5. e3 c5 6. d4 d6 7. Nge2 Nc6 8. O-O
Bd7 9. a3 Rc8 10. b3 cxd4 11. exd4 b6 12. Be3 Ng4 13. Bg5 h6 14. Bc1 e5 15. d5
Nd4 16. Ra2 h5 17. h3 Nh6 18. Bxh6 Nxe2+ 19. Qxe2 Bxh6 20. Ne4 Qe7 21. g4 f5
22. gxf5 Rxf5 23. Ng3 Rf4 24. Qd3 Kg7 25. Re2 Rcf8 26. Re4 h4 27. Ne2 Rxe4 28.
Qxe4 Bf5 29. Qf3 g5 30. Re1 Qf6 31. Nc3 Qg6 32. Kh1 g4 33. hxg4 Bxg4 34. Qe4
1-0

[Event "First Saturday FM-B Dec 2013"]
[Site "Budapest"]
[Date "2013.12.16"]
[Round "9.1"]
[White "Schmidt, Wolfgang"]
[Black "Czimer, Jozsef"]
[Result "0-1"]
[WhiteElo "1470"]
[BlackElo "1720"]
[PlyCount "62"]
[EventDate "2013.12.07"]

1. d4 Nf6 2. Nf3 c5 3. d5 d6 4. c4 g6 5. Nc3 Bg7 6. e4 O-O 7. Bd3 e6 8. O-O e5
9. Rb1 Na6 10. a3 Ne8 11. Be3 f5 12. exf5 gxf5 13. Bg5 Bf6 14. Bxf6 Qxf6 15.
Nd2 Ng7 16. b4 b6 17. Qc2 Nc7 18. bxc5 bxc5 19. a4 Na6 20. Na2 Rf7 21. Nb3 Qd8
22. Qd2 Bd7 23. a5 Rf6 24. Nbc1 Bc8 25. Re1 Rg6 26. Ne2 Qh4 27. Ng3 Rf6 28. Nf1
f4 29. Be4 Nf5 30. Rb3 Nd4 31. Rh3 Bxh3 0-1

[Event "First Saturday FM-B Dec 2013"]
[Site "Budapest"]
[Date "2013.12.16"]
[Round "9.2"]
[White "Ongut, Tamas Gunes"]
[Black "Szurkos, Andras"]
[Result "1-0"]
[WhiteElo "1481"]
[BlackElo "1740"]
[PlyCount "119"]
[EventDate "2013.12.07"]

1. e4 e5 2. Nf3 Nc6 3. Bc4 Bc5 4. Nc3 Nf6 5. d3 h6 6. h3 d6 7. O-O Na5 8. Bb3
Nxb3 9. axb3 c6 10. Na4 Bb6 11. Nxb6 Qxb6 12. Be3 c5 13. Nd2 O-O 14. Nc4 Qc7
15. b4 b6 16. bxc5 bxc5 17. f4 Ne8 18. fxe5 dxe5 19. Qh5 f6 20. Qg6 Kh8 21. Ra5
Be6 22. Rxc5 Qd7 23. Nxe5 Qb7 24. Qg3 Bf7 25. Nxf7+ Rxf7 26. b3 Nc7 27. Rh5 Ne6
28. Qg6 Nf8 29. Qg4 Qc7 30. c4 Qd6 31. d4 Qb4 32. Rb5 Qc3 33. Qg3 Ne6 34. Rc1
Qd3 35. Bf2 Qd2 36. Qe3 Qa2 37. Qc3 Qa6 38. Qa5 Qd6 39. d5 Nf4 40. Qd2 Qe5 41.
Bg3 g5 42. Bxf4 gxf4 43. Re1 Rg7 44. Kh1 Rag8 45. d6 Qe8 46. Qxf4 Qg6 47. g4
Rd8 48. Rd5 Rb7 49. Qf5 Qg7 50. e5 fxe5 51. Qxe5 Rxb3 52. d7 Rxh3+ 53. Kg2 Rh4
54. Qxg7+ Kxg7 55. Re8 Rxd7 56. Rxd7+ Kf6 57. Rd4 h5 58. g5+ Kxg5 59. Rxh4 Kxh4
60. Ra8 1-0

[Event "First Saturday FM-B Dec 2013"]
[Site "Budapest"]
[Date "2013.12.16"]
[Round "9.3"]
[White "Bacsi, Andras"]
[Black "Szlenka, Attila"]
[Result "1/2-1/2"]
[WhiteElo "1831"]
[BlackElo "1796"]
[PlyCount "41"]
[EventDate "2013.12.07"]

1. e4 Nf6 2. e5 Nd5 3. d4 d6 4. Nf3 Bg4 5. Be2 e6 6. O-O Nc6 7. Re1 dxe5 8.
Nxe5 Nxe5 9. dxe5 Bf5 10. a3 Be7 11. c4 Nb6 12. Nc3 c6 13. Qxd8+ Rxd8 14. Be3
Nc8 15. Rad1 O-O 16. Rxd8 Rxd8 17. Rd1 Kf8 18. Rxd8+ Bxd8 19. f4 Bb6 20. Kf2
Ne7 21. b4 1/2-1/2

[Event "First Saturday FM-B Dec 2013"]
[Site "Budapest"]
[Date "2013.12.16"]
[Round "9.4"]
[White "Onur, Cem"]
[Black "Di Giovanni, Vilmos"]
[Result "1-0"]
[WhiteElo "1546"]
[BlackElo "1810"]
[PlyCount "81"]
[EventDate "2013.12.07"]

1. e4 d5 2. exd5 Nf6 3. d4 Nxd5 4. c4 Nb6 5. Nf3 g6 6. Nc3 Bg7 7. c5 Nd5 8. Bc4
e6 9. Bg5 f6 10. Bd2 O-O 11. O-O Nc6 12. Re1 Kh8 13. a3 b6 14. b4 a6 15. Rb1 b5
16. Bb3 Nce7 17. Re2 Nxc3 18. Bxc3 Nd5 19. Bd2 c6 20. Qe1 Ra7 21. Rd1 Re8 22.
Bc1 Rf7 23. Bb2 Rfe7 24. Nd2 f5 25. Nf3 Rc7 26. Bc1 Bf6 27. Ne5 Kg7 28. Qd2
Ree7 29. Qe1 Qf8 30. Nf3 h6 31. Bxd5 exd5 32. Bf4 Rxe2 33. Qxe2 Re7 34. Qd2 g5
35. Bd6 Qf7 36. Bxe7 Qxe7 37. Re1 Qf7 38. Qe3 Bd7 39. Ne5 Bxe5 40. Qxe5+ Kg6
41. Qd6+ 1-0

[Event "First Saturday FM-B Dec 2013"]
[Site "Budapest"]
[Date "2013.12.16"]
[Round "9.5"]
[White "Marcu, Simon"]
[Black "Bozay, Gergely"]
[Result "1-0"]
[WhiteElo "1885"]
[BlackElo "1792"]
[PlyCount "109"]
[EventDate "2013.12.07"]

1. d4 Nf6 2. c4 e6 3. Nc3 b6 4. e4 Bb7 5. Bd3 d6 6. Bg5 h6 7. Bh4 Be7 8. f3 Nc6
9. Nge2 a5 10. Bf2 Nb4 11. Bb1 O-O 12. a3 Na6 13. Qc2 e5 14. O-O c5 15. d5 Nd7
16. Be3 Bg5 17. Qd2 Bxe3+ 18. Qxe3 Nc7 19. Ng3 Ba6 20. Bd3 Rb8 21. a4 Bc8 22.
Rad1 Nf6 23. Nf5 Bxf5 24. exf5 Nh5 25. Rd2 Qg5 26. Qxg5 hxg5 27. Ne4 Rbd8 28.
Nxg5 Nf4 29. Bc2 Na6 30. g3 Nh5 31. Ne4 Nb4 32. Bd1 Rfe8 33. Ng5 Nf6 34. Re1
Nh7 35. Ne4 f6 36. h4 Kf7 37. Kf2 Rg8 38. Ke3 g5 39. fxg6+ Rxg6 40. g4 Ke7 41.
Ng3 Kd7 42. f4 Re8 43. f5 Rh6 44. Rh1 Rh8 45. Ne4 Rg8 46. Bf3 Na6 47. Rg2 Nc7
48. Rg3 Ne8 49. g5 fxg5 50. hxg5 Rxh1 51. Bxh1 Ng7 52. Rf3 Ne8 53. f6 Rf8 54.
f7 Ng7 55. g6 1-0